It looks like you're offline.
Open Library logo
additional options menu

MARC record from Internet Archive

LEADER: 01071cam a2200277 a 4500
001 95049340
003 DLC
005 20060726212104.0
008 951107s1996 nyu b 001 0 eng
010 $a 95049340
020 $a0195101979 (alk. paper)
040 $aDLC$cDLC$dDLC
043 $ae-ur---
050 00 $aHD1492.5.S65$bV56 1996
082 00 $a338.7/63/0947$220
100 1 $aViola, Lynne.
245 10 $aPeasant rebels under Stalin :$bcollectivization and the culture of peasant resistance /$cLynne Viola.
260 $aNew York :$bOxford University Press,$c1996.
300 $axii, 312 p. ;$c24 cm.
504 $aIncludes bibliographical references (p. 291-303) and index.
650 0 $aCollectivization of agriculture$zSoviet Union$xHistory.
650 0 $aPeasant uprisings$zSoviet Union$xHistory.
650 0 $aGovernment, Resistance to$zSoviet Union$xHistory.
651 0 $aSoviet Union$xEconomic policy$y1928-1932.
651 0 $aSoviet Union$xRural conditions.
856 41 $3Table of contents only$uhttp://www.loc.gov/catdir/enhancements/fy0636/95049340-t.html